000 00228 a2200097 4500
001 6898
100 _aDearnaley, G
245 _aSemiconductor counters Fro Nuclear Rediamous
260 _a
_bE & F N Spon
_c
090 _c5701
_d5701
942 _aNUST-CAE
_cM
_c32158
999 _c241971
_d241971